ბათუმის შოთა რუსთაველის სახელმწიფო უნივერსიტეტის ბიბლიოთეკა

ინტერრელიგიური დიალოგი მშვიდობისათვის" II კონფერენცია "რელიგიური ტოლერანტობა საქართველოში 15 ნოემბერი, 2017 წელი : (ბიბ.ჩანაწერი № 55239)

000 -ლიდერი
ფიქსირებული სიგრძის საკონტროლო ველი 01827nam a2200253Ia 4500
001 - საკონტროლო ნომერი
საკონტროლო ველი 22315
003 - საკონტროლო ნომრის იდენტიფიკატორი
საკონტროლო ველი GE_BSU
005 - ბოლო ოპერაციის თარიღი და დრო
საკონტროლო ველი 20250804170633.0
008 - ფიქსირებული სიგრძის მონაცემთა ელემენტები - ზოგადი ინფორმაცია
ფიქსირებული სიგრძის საკონტროლო ველი 181216s2017||||ge |||||||||||||| ||geo||
040 ## - კატალოგიზაციის წყარო
Transcribing agency GE_BSU
041 ## - ენის კოდი
Language code of text/sound track or separate title geo
080 ## - უნივერსალური ათობითი კლასიფიკაციის ინდექსი
Universal Decimal Classification number 27:327.36(063) ი-67
245 ## - ცნობა სათაურის შესახებ
Title ინტერრელიგიური დიალოგი მშვიდობისათვის" II კონფერენცია "რელიგიური ტოლერანტობა საქართველოში 15 ნოემბერი, 2017 წელი :
Remainder of title [მასალების კრებული] /
Statement of responsibility, etc რელიგიის საკითხთა სახელმწ. სააგენტო ; მთ. რედაქტორი ზაზა ვაშაყმაძე ; რედაქტორი ნანა ონიანი.
264 ## - წარმოების, გამოცემის, დისტრიბუციის და სხვა ცნობები
გამოცემის, წარმოების, დისტრიბუციის... ადგილი თბილისი :
გამოცემის, წარმოების, დისტრიბუციის... თარიღი 2017.
300 ## - ფიზიკური აღწერა
Extent 92 გვ. :
Other physical details ფოტ. ;
Dimensions 29 სმ.
504 ## - BIBLIOGRAPHY, ETC. NOTE
Bibliography, etc ბიბლიოგრ. სტატიების ბოლოს
520 ## - SUMMARY, ETC.
Summary, etc გარეკანი ქართ. და ინგლ. ენებზე.რეზიუმე ინგლ. ენაზე.
653 ## - INDEX TERM--UNCONTROLLED
Uncontrolled term ინტერრელიგიური დიალოგი მშვიდობისათვის" II კონფერენცია "რელიგიური ტოლერანტობა საქართველოში
653 ## - INDEX TERM--UNCONTROLLED
Uncontrolled term რელიგიური შემწყნარებლობა -კონფერენციები
700 ## - ADDED ENTRY--PERSONAL NAME
Personal name ვაშაყმაძე, ზაზა
Relator term მთ. რედაქტორი
9 (RLIN) 25744
700 ## - ADDED ENTRY--PERSONAL NAME
Personal name ონიანი, ნატო
Relator term რედაქტორი
9 (RLIN) 25745
942 ## - ADDED ENTRY ELEMENTS (KOHA)
Koha item type წიგნი
Source of classification or shelving scheme
ეგზემპლარები
ჩამოწერის სტატუსი დაკარგული ეგზემპლარის სტატუსი კლასიფიკაციის წყარო ან თაროზე გაწყობის სქემა დაზიანების სტატუსი არ გაიცემა მუდმივი მდებარეობა (დაცვის ადგილი) ამჟამინდელი ადგილსამყოფელი თაროზე განთავსების ადგილი შეძენის თარიღი ღირებულება, შესყიდვის ნორმალური ფასი სრული შენახვის შიფრი შტრიხკოდი ბოლო ოპერაციის თარიღი ეგზემპლარის მიმდევრობითი ნომერი (კეტერი?) ფასის ძალაში შესვლის თარიღი ეგზემპლარის სახეობა საჯარო შენიშვნა
          ბათუმის შოთა რუსთაველის სახელმწიფო უნივერსიტეტის მთავარი ბიბლიოთეკა ბათუმის შოთა რუსთაველის სახელმწიფო უნივერსიტეტის მთავარი ბიბლიოთეკა წიგნსაცავი 2018-12-17 5.00 27:327.36(063) ი-67 28087 2018-12-17 28087 2018-12-17 წიგნი 5.00 ₾.
          ბათუმის შოთა რუსთაველის სახელმწიფო უნივერსიტეტის მთავარი ბიბლიოთეკა ბათუმის შოთა რუსთაველის სახელმწიფო უნივერსიტეტის მთავარი ბიბლიოთეკა წიგნსაცავი 2018-12-17 5.00 27:327.36(063) ი-67 28088 2018-12-17 28088 2018-12-17 წიგნი 5.00 ₾.
          ბათუმის შოთა რუსთაველის სახელმწიფო უნივერსიტეტის მთავარი ბიბლიოთეკა ბათუმის შოთა რუსთაველის სახელმწიფო უნივერსიტეტის მთავარი ბიბლიოთეკა წიგნსაცავი 2018-12-17 5.00 27:327.36(063) ი-67 28089 2018-12-17 28089 2018-12-17 წიგნი 5.00 ₾.